000
00323nam a2200145Ia 4500
008
230718s9999 xx 000 0 und d
041
_a
Eng.
082
_a
658
_b
PRE-T
100
_a
Press, Tom
245
0
_a
Thriving on Chaos
260
_a
Pakistan
_b
Fecosson Parks
_c
1987
300
_a
561
650
_a
Law
999
_c
26107
_d
26107